Premier League Players 2020/21 By Name - P - Statistics

General Stats
  • This quiz has been taken 45 times
    33 since last reset
  • The average score is 14 of 22
Answer Stats
Club Nation Position Player % Correct
Chelsea United States FW Christian Pulisic
100%
Manchester United France MF Paul Pogba
100%
Arsenal Ghana MF Thomas Partey
100%
Everton England GK Jordan Pickford
94%
West Bromwich Albion Brazil MF Matheus Pereira
94%
Burnley England GK Nick Pope
94%
Arsenal Ivory Coast FW Nicolas Pepe
94%
Leicester City Portugal DF Ricardo Pereira
94%
Wolves Portugal GK Rui Patricio
89%
Leicester City Spain FW Ayoze Perez
83%
Leeds United England MF Kalvin Phillips
72%
West Bromwich Albion Scotland FW Matt Phillips
72%
Liverpool England DF Nathaniel Phillips
72%
Leicester City Belgium MF Dennis Praet
67%
Wolves Portugal FW Daniel Podence
56%
Burnley Northern Ireland GK Bailey Peacock-Farrell
44%
Chelsea Italy DF Emerson Palmieri
33%
Brighton & Hove Albion Netherlands MF Davy Propper
28%
Burnley Netherlands DF Erik Pieters
17%
Crystal Palace England FW Brandon Pierrick
6%
West Bromwich Albion England DF Lee Peltier
6%
Leeds United England FW Ian Poveda
0%
No matching quizzes found
Score Distribution
Percent of People with Each Score
Percentile by Number Answered
Your Score History
You have not taken this quiz since the last reset